Rendimiento del pastizal /
Guardado en:
| Otros Autores: | , |
|---|---|
| Formato: | Libro |
| Idioma: | Spanish |
| Publicado: |
México ; Buenos Aires :
Centro Regional de Ayuda Técnica,
1972.
|
| Etiquetas: |
Agregar Etiqueta
Sin Etiquetas, Sea el primero en etiquetar este registro!
|
| LEADER | 00746nam a22001695a 4500 | ||
|---|---|---|---|
| 001 | EEA.libagro006646 | ||
| 005 | 20180614122957.0 | ||
| 008 | 130809s1972####ag#a##########000#0#spa#d | ||
| 082 | 0 | 4 | |a 333.74 |
| 082 | 0 | 4 | |a 633.20858 |
| 245 | 1 | 0 | |a Rendimiento del pastizal / |c compilado por: Martín H. González, Robert S. Campbell. |
| 260 | |a México ; |a Buenos Aires : |b Centro Regional de Ayuda Técnica, |c 1972. | ||
| 300 | |a 354 p. : |b il., fot. byn ; |c 29 cm. | ||
| 500 | |a Esta publicación es traducción de 69 artículos seleccionados de la revista Journal of Range Management, publicada por Society of Range Management, Denver, Colorado. | ||
| 700 | 1 | |a Gonzalez, Martín H. | |
| 700 | 1 | |a Campbell, Robert S. | |
| 859 | |a AR-BbBCA |b BIB. AGRONOMIA |h 333.74 |i G643 |p 2000/4012 | ||
